[Event "USA-ch13 prel 01 corr"]
[Site "USA"]
[Date "1996.06.24"]
[Round "?"]
[White "Aliberti, Anthony J"]
[Black "Arnold, G Robert"]
[Result "1/2-1/2"]
[WhiteElo "2023"]
[BlackElo "2119"]
[PlyCount "88"]
[EventDate "1996.??.??"]
[EventType "tourn (corr)"]
[EventRounds "9"]
[EventCountry "USA"]
[SourceTitle "Corr 2006"]
[Source "ChessBase"]
[SourceDate "2006.04.01"]
[SourceVersion "3"]
[SourceVersionDate "2006.04.01"]
[SourceQuality "1"]

1. e4 Nf6 2. e5 Nd5 3. Nc3 Nxc3 4. bxc3 d5 5. Ba3 b6 6. d4 c5 7. f4 e6 8. Rb1 Na6 9. Bb5+ Ke7 10. Qd3 Nb8 11. dxc5 f5 12. cxb6+ Kf7 13. Bxf8 Rxf8 14. bxa7 Rxa7 15. a4 Ba6 16. Nf3 h6 17. Nd4 Qc8 18. 0-0 Bxb5 19. Qxb5 Qxc3 20. Nxf5 Nd7 21. Ng3 g6 22. Qe2 Qd4+ 23. Kh1 Qxa4 24. f5 gxf5 25. Nxf5 exf5 26. e6+ Kg7 27. exd7 Qxd7 28. Qe5+ Rf6 29. Rb6 Qe7 30. Qxf6+ Qxf6 31. Rxf6 Kxf6 32. g4 Kg5 33. Rxf5+ Kxg4 34. Rxd5 Ra2 35. Rc5 Kf3 36. h3 h5 37. Kg1 h4 38. Rc3+ Ke2 39. Kg2 Ra4 40. Rc8 Ke3 41. Rc3+ Ke2 42. Rc8 Ke3 43. Rc3+ Ke2 44. Rc8 Ke3 1/2-1/2

[Event "USA-ch13 prel 01 corr"]
[Site "USA"]
[Date "1996.06.24"]
[Round "?"]
[White "Aliberti, Anthony J"]
[Black "Kremen, Donna Marie"]
[Result "1-0"]
[WhiteElo "2023"]
[BlackElo "2076"]
[PlyCount "23"]
[EventDate "1996.??.??"]
[EventType "tourn (corr)"]
[EventRounds "9"]
[EventCountry "USA"]
[SourceTitle "Corr 2006"]
[Source "ChessBase"]
[SourceDate "2006.04.01"]
[SourceVersion "3"]
[SourceVersionDate "2006.04.01"]
[SourceQuality "1"]

1. e4 c5 2. d4 cxd4 3. f4 Nc6 4. Nf3 Qa5+ 5. Nbd2 d6 6. Bd3 Nf6 7. 0-0 Bg4 8. h3 Bxf3 9. Nxf3 e6 10. a3 d5 11. Nd2 Nxe4 12. Nxe4 1-0

[Event "USA-ch13 prel 01 corr"]
[Site "USA"]
[Date "1996.06.24"]
[Round "?"]
[White "Martinec, Bob"]
[Black "Aliberti, Anthony J"]
[Result "1-0"]
[WhiteElo "2145"]
[BlackElo "2023"]
[PlyCount "43"]
[EventDate "1996.??.??"]
[EventType "tourn (corr)"]
[EventRounds "9"]
[EventCountry "USA"]
[SourceTitle "Corr 2006"]
[Source "ChessBase"]
[SourceDate "2006.04.01"]
[SourceVersion "3"]
[SourceVersionDate "2006.04.01"]
[SourceQuality "1"]

1. e4 e6 2. d4 d5 3. Nd2 Nf6 4. e5 Nfd7 5. f4 c5 6. Ngf3 Nc6 7. Bd3 cxd4 8. Nb3 Nb4 9. Be2 b6 10. Nbxd4 Na6 11. c4 Bb4+ 12. Bd2 dxc4 13. 0-0 Bc5 14. Kh1 0-0 15. Bc3 Bb7 16. Bxc4 Nc7 17. f5 Bxd4 18. Qxd4 b5 19. Bd3 h6 20. f6 b4 21. Bxb4 Re8 22. Qg4 1-0

[Event "USA-ch13 prel 01 corr"]
[Site "USA"]
[Date "1996.06.24"]
[Round "?"]
[White "Tomporowski, Stephen"]
[Black "Aliberti, Anthony J"]
[Result "1-0"]
[WhiteElo "2061"]
[BlackElo "2023"]
[PlyCount "77"]
[EventDate "1996.??.??"]
[EventType "tourn (corr)"]
[EventRounds "9"]
[EventCountry "USA"]
[SourceTitle "Corr 2006"]
[Source "ChessBase"]
[SourceDate "2006.04.01"]
[SourceVersion "3"]
[SourceVersionDate "2006.04.01"]
[SourceQuality "1"]

1. f4 Nf6 2. Nf3 c5 3. b3 g6 4. Bb2 Bg7 5. e3 d6 6. Bb5+ Bd7 7. Bxd7+ Qxd7 8. 0-0 0-0 9. c4 Na6 10. Nc3 Nc7 11. d4 cxd4 12. exd4 e6 13. Qd2 Qc6 14. a4 Rfe8 15. Rfe1 Rad8 16. Nb5 a6 17. Nxc7 Qxc7 18. Rac1 a5 19. Ba3 Nd7 20. Qe3 b6 21. Bb2 f6 22. Qf2 Bh6 23. Qh4 Kg7 24. Ng5 e5 25. Re3 Bxg5 26. fxg5 f5 27. Rce1 e4 28. g4 Nf8 29. Rf1 fxg4 30. d5+ Kg8 31. Qf2 h5 32. gxh6 Nh7 33. Qf4 Rf8 34. Qxe4 Rxf1+ 35. Kxf1 Qf7+ 36. Kg2 Ng5 37. Qd4 Kh7 38. Qf6 Rf8 39. Re7 1-0